[Event "ITA-ch Seniors 65 44th"]
[Site "Macerata"]
[Date "2022.09.29"]
[Round "6"]
[White "Zangrando, Gianpietro"]
[Black "Lasio, Millo"]
[Result "1/2-1/2"]
[WhiteElo "1674"]
[BlackElo "1816"]
[PlyCount "90"]
[EventDate "2022.09.25"]
[EventType "swiss"]
[EventRounds "9"]
[EventCountry "ITA"]
[SourceTitle "EXT 2024"]
[Source "ChessBase"]
[SourceDate "2023.10.10"]
[SourceVersion "1"]
[SourceVersionDate "2023.10.10"]
[SourceQuality "1"]

1. g3 Nf6 2. Nf3 d5 3. d4 e6 4. Bg2 h6 5. c4 c6 6. Nc3 Bd6 7. 0-0 Nbd7 8. Re1 0-0 9. e4 dxe4 10. Nxe4 Nxe4 11. Rxe4 Nf6 12. Re3 Qc7 13. Rd3 b6 14. b3 Bb7 15. Bb2 Rad8 16. Rc1 Qb8 17. Qe2 Nd7 18. Rcd1 Rde8 19. Ne5 Qc7 20. Re3 Nxe5 21. dxe5 Be7 22. Red3 Rd8 23. Be4 c5 24. Bxb7 Rxd3 25. Rxd3 Qxb7 26. Qd2 Qc8 27. h4 Rd8 28. Rxd8+ Qxd8 29. Qxd8+ Bxd8 30. h5 Bc7 31. f4 Kf8 32. Kf2 Ke7 33. Kf3 Kf8 34. Ke4 g6 35. g4 Bd8 36. hxg6 fxg6 37. f5 Kf7 38. Bc1 g5 39. a3 Bc7 40. Bd2 Bd8 41. b4 Be7 42. f6 Bf8 43. b5 Kg6 44. Kf3 h5 45. a4 h4 1/2-1/2

[Event "Sarzana op"]
[Site "Sarzana"]
[Date "2011.05.29"]
[Round "4"]
[White "Stoppa, Omar"]
[Black "Lasio, Millo"]
[Result "1-0"]
[WhiteElo "2285"]
[BlackElo "2003"]
[PlyCount "123"]
[EventDate "2011.05.27"]
[EventType "swiss"]
[EventRounds "5"]
[EventCountry "ITA"]
[SourceTitle "EXT 2014"]
[Source "ChessBase"]
[SourceDate "2013.11.20"]
[SourceVersion "1"]
[SourceVersionDate "2013.11.20"]
[SourceQuality "1"]

1. e4 e6 2. d4 d5 3. Nc3 Nf6 4. e5 Nfd7 5. Qh5 c5 6. Nf3 cxd4 7. Nb5 Nc6 8. Bg5 Qa5+ 9. Bd2 Qb6 10. a4 a5 11. Bd3 Nb4 12. Nfxd4 Nc5 13. Be2 Nc6 14. 0-0 Nxd4 15. Nxd4 Bd7 16. Bb5 g6 17. Qh4 Bg7 18. Rfe1 Bxb5 19. Nxb5 0-0 20. Bh6 Ne4 21. Bxg7 Kxg7 22. Qf4 Rac8 23. c3 Qd8 24. Qe3 f5 25. Qa7 Rb8 26. Nd4 Re8 27. Nc6 Qc7 28. Nxb8 Rxb8 29. Qd4 Nc5 30. Qh4 Rf8 31. Rad1 Ne4 32. Qf4 g5 33. Qe3 h5 34. f3 f4 35. Qd4 Nc5 36. c4 Nb3 37. Qd3 Qb6+ 38. Kh1 d4 39. c5 Qb4 40. Qb5 Rd8 41. c6 bxc6 42. Qxc6 Kf7 43. Qc7+ Qe7 44. Qc2 Qb4 45. Qh7+ Ke8 46. Qxh5+ Kd7 47. Qxg5 Qf8 48. Re4 Kc7 49. Rxf4 Qe8 50. Qg4 Qd7 51. Qg6 Kb6 52. Qc2 Qxa4 53. Rc1 Ka6 54. Rf6 Re8 55. Rxe6+ Rxe6 56. Qc8+ Kb5 57. Qd7+ Kb4 58. Rc4+ Kxc4 59. Qxa4+ Kc5 60. Qxb3 Rxe5 61. Kg1 Re3 62. Qc2+ 1-0

[Event "Sarzana op"]
[Site "Sarzana"]
[Date "2011.05.28"]
[Round "3"]
[White "Lasio, Millo"]
[Black "Mercandelli, Claudio"]
[Result "1-0"]
[WhiteElo "2003"]
[BlackElo "1908"]
[PlyCount "79"]
[EventDate "2011.05.27"]
[EventType "swiss"]
[EventRounds "5"]
[EventCountry "ITA"]
[SourceTitle "EXT 2014"]
[Source "ChessBase"]
[SourceDate "2013.11.20"]
[SourceVersion "1"]
[SourceVersionDate "2013.11.20"]
[SourceQuality "1"]

1. d4 Nf6 2. Nd2 d5 3. e3 Bf5 4. Bd3 Bxd3 5. cxd3 e6 6. a3 Nbd7 7. Ngf3 Bd6 8. e4 e5 9. dxe5 Nxe5 10. Nxe5 Bxe5 11. Nf3 Qe7 12. d4 Bxd4 13. Qxd4 dxe4 14. Qa4+ c6 15. Nd4 0-0 16. 0-0 Qe5 17. Ne2 Nd5 18. Qb3 Kh8 19. Qg3 Rfe8 20. Qxe5 Rxe5 21. Nf4 f5 22. Nxd5 Rxd5 23. g3 h6 24. h4 Rad8 25. Be3 b6 26. Rfc1 c5 27. Kf1 R8d7 28. Ke2 Kg8 29. Rd1 Kf7 30. Rxd5 Rxd5 31. Rd1 Rxd1 32. Kxd1 Kg6 33. Bf4 Kh5 34. Bb8 a6 35. Ba7 b5 36. Bxc5 g5 37. hxg5 hxg5 38. Ke2 Kg4 39. Ke3 a5 40. Bd6 1-0

[Event "ITA-chT A2 36th"]
[Site "Italy"]
[Date "2004.03.21"]
[Round "3"]
[White "Lasio, Millo"]
[Black "Capurro, Giuliano"]
[Result "0-1"]
[WhiteElo "1875"]
[BlackElo "2067"]
[PlyCount "122"]
[EventDate "2004.02.22"]
[EventType "team"]
[EventRounds "7"]
[EventCountry "ITA"]
[SourceTitle "EXT 2009"]
[Source "ChessBase"]
[SourceDate "2008.11.26"]
[SourceVersion "1"]
[SourceVersionDate "2008.11.26"]
[SourceQuality "1"]

1. d4 d5 2. e3 Nf6 3. f4 Bf5 4. Nf3 e6 5. c4 Bb4+ 6. Bd2 Bxd2+ 7. Nbxd2 Nc6 8. a3 0-0 9. b4 a6 10. Qb3 Be4 11. Ng5 dxc4 12. Qxc4 Bd5 13. Qc3 h6 14. Ngf3 Ne7 15. Rc1 c6 16. Qd3 Bxf3 17. Nxf3 a5 18. b5 cxb5 19. e4 b4 20. axb4 axb4 21. Qb1 Qa5 22. Bd3 b3+ 23. Kf2 Ng4+ 24. Kg3 Qh5 25. h3 Nf6 26. Qxb3 Qg6+ 27. Kh2 Nxe4 28. Bxe4 Qxe4 29. Rhf1 Qxf4+ 30. Kg1 Nf5 31. Rc3 Nxd4 32. Nxd4 Qxd4+ 33. Kh1 b5 34. Rc7 Ra1 35. Rfc1 Rxc1+ 36. Rxc1 Qe5 37. Qf3 Rd8 38. Rf1 Qc7 39. Qh5 b4 40. Rb1 Qc4 41. Qf3 Rd5 42. Ra1 Rf5 43. Qd1 b3 44. Rb1 Kh7 45. Kh2 Rb5 46. Rb2 Qc3 47. Qb1+ g6 48. Rf2 Kg7 49. Rb2 Qe5+ 50. Kg1 Qg3 51. Rf2 Qe3 52. Qb2+ Kg8 53. Kh2 e5 54. Rf3 Qd4 55. Qa3 Qd5 56. Qb2 e4 57. Rf2 e3 58. Re2 Qe5+ 59. Kg1 Qe4 60. Qc3 b2 61. Rxb2 Rxb2 0-1

[Event "ITA-chT A2 36th"]
[Site "Italy"]
[Date "2004.02.22"]
[Round "1"]
[White "Giorgetti, Alberto"]
[Black "Lasio, Millo"]
[Result "1/2-1/2"]
[WhiteElo "2133"]
[BlackElo "1875"]
[PlyCount "83"]
[EventDate "2004.02.22"]
[EventType "team"]
[EventRounds "7"]
[EventCountry "ITA"]
[SourceTitle "EXT 2009"]
[Source "ChessBase"]
[SourceDate "2008.11.26"]
[SourceVersion "1"]
[SourceVersionDate "2008.11.26"]
[SourceQuality "1"]

1. e4 e6 2. d4 d5 3. Nd2 Nf6 4. e5 Nfd7 5. Bd3 b6 6. Qe2 a5 7. Ngf3 Ba6 8. c4 c6 9. 0-0 Be7 10. Ne1 dxc4 11. Nxc4 Nf8 12. Be3 b5 13. Nd2 Nfd7 14. Qg4 g6 15. Ne4 Nb6 16. Bg5 Bxg5 17. Nxg5 Nd5 18. Ne4 0-0 19. Nc2 Nd7 20. Rac1 Ne7 21. Ne3 Bb7 22. Nd6 Rb8 23. Qh3 Ba8 24. Ng4 Nd5 25. Be4 f5 26. Bxd5 cxd5 27. Ne3 Nb6 28. Nxb5 Nc4 29. Nxc4 dxc4 30. a4 Bc6 31. Qc3 Qd5 32. f3 Bxb5 33. axb5 Rfc8 34. Qxa5 Rxb5 35. Qa6 Rc6 36. Qa8+ Kg7 37. Qa7+ Kh6 38. Rf2 Rcb6 39. Qe7 Qxd4 40. g4 fxg4 41. Qh4+ Kg7 42. Qe7+ 1/2-1/2

[Event "Viareggio op"]
[Site "Viareggio"]
[Date "2001.02.??"]
[Round "?"]
[White "Lasio, Millo"]
[Black "Riccio, Eros"]
[Result "0-1"]
[WhiteElo "1805"]
[BlackElo "2190"]
[PlyCount "94"]
[EventDate "2001.02.16"]
[EventType "swiss"]
[EventRounds "7"]
[EventCountry "ITA"]
[SourceTitle "EXT 2004"]
[Source "ChessBase"]
[SourceDate "2003.11.25"]
[SourceVersion "1"]
[SourceVersionDate "2003.11.25"]
[SourceQuality "1"]

1. d4 Nf6 2. e3 c5 3. f4 cxd4 4. exd4 g6 5. Nf3 Bg7 6. c3 d6 7. Bc4 0-0 8. 0-0 Qc7 9. Bb3 b5 10. Re1 e6 11. Qe2 Ba6 12. Qf2 Bb7 13. Nbd2 Nbd7 14. Ng5 Bd5 15. Bxd5 Nxd5 16. Nde4 N7b6 17. Bd2 Nc4 18. Rab1 Rac8 19. h4 h6 20. Nh3 b4 21. Rec1 Qa5 22. cxb4 Qxa2 23. Bc3 Qb3 24. Nd2 Nxd2 25. Qxd2 Rc7 26. Nf2 Rb8 27. Ne4 Nxb4 28. Nxd6 Na2 29. Ne4 Nxc1 30. Rxc1 Qd5 31. Nc5 Rd8 32. Rd1 Rxc5 33. Kh1 Rc4 34. Qe2 Bxd4 35. Ba5 Rb8 36. Bc3 Qc5 37. Bxd4 Rxd4 38. Rf1 Qb5 39. Qf3 Qxb2 40. h5 Qb5 41. hxg6 fxg6 42. Qe3 Qh5+ 43. Kg1 Qd5 44. Qg3 Qf5 45. Qh4 Kg7 46. g4 Qc5 47. Kh1 Rb2 0-1